| 000 | 01146nam a2200253Ia 4500 | ||
|---|---|---|---|
| 003 | Ost | ||
| 005 | 20260416102350.0 | ||
| 008 | 260416s9999||||xx |||||||||||||| ||und|| | ||
| 040 | _cfsecg | ||
| 041 | _aara | ||
| 082 | _a1.6404 | ||
| 100 |
_aماضي، محمد _eمؤلف |
||
| 245 | 0 |
_aمحاضرات في الإعلام الآلي / _c محمد ماضي |
|
| 260 |
_aالجزائر _bجامعة الجزائر3: كلية العلوم الإقتصادية، العلوم التجارية وعلوم التسيير _c2018 |
||
| 300 |
_a99 ورقة _bايضاحات _c30 سم |
||
| 504 | _aمراجع ص.97 | ||
| 520 | _aأساسيات ومفاهيم عامة حول الحاسوب والمعلوماتية، العمليات المنطقية والحسابية والأنظمة العددية | ||
| 653 | _aاعلام آلي | ||
| 653 | _aالبرمجة الآلية | ||
| 653 | _aالبوبات | ||
| 653 | _aالحاسبات الالكترونية | ||
| 710 |
_aجامعة الجزائر3: كلية العلوم الإقتصادية، العلوم التجارية وعلوم التسيير _eناشر علمي |
||
| 942 | _cHANDOUT | ||
| 999 |
_c40969 _d40969 |
||